000 00588nam a2200169 i 4500
001 99725
003 ES-MaACL
007 t|
008 050915s1980 sp ||||1| spa d
100 1 _aMartínez Esteruelas, Cruz.
_978073
245 1 0 _aEstudios jurídicos sobre el estatuto vasco... /
_cCruz Martínez Esteruelas, Fernando Díez Moreno, José Serna Masiá.
260 _aMadrid :
_b[s.n.],
_c1980 (
_fArte Gráficas Danubio)
300 _a236 p. ;
_c23 cm.
700 1 _aDíez Moreno, Fernando.
_944755
700 1 _aSerna Masiá, José.
_9105584
852 _aES-MaACL
_jL-776
_bR.101381
999 _c99725
_d99725